000 00504nam a2200181Ia 4500
005 20250326124458.0
008 250326s9999 xx 000 0 und d
037 _aTextbook
040 _aFMSL
_beng
_cFMSL
041 _aeng
_2eng
084 _aX:8 K55;7
_qFMSL
100 _aKepner C H
_9737472
245 0 _aRational manager
_cKepner C H; Tragoe B B
260 _aNew Delhi
_bNew Delhi, Tata McGraw-Hill
_c1965
300 _a275p
942 _cTB
_hX:8 K55;7
999 _c1273878
_d1273878